000 00739nam a2200253Ia 4500
003 OSt
005 20221005065819.0
006 a|||||r|||| 00| 0
007 ta
008 221004b |||||||| |||| 00| 0 eng d
024 _a65011
037 _cTextual
040 _aCRL
_cCRL
_beng
041 _2eng
_aeng
082 _aXx:g, M4-;1
100 _aSmirnov A.D. Ed.
_9605010
245 0 _aTeaching of political economy
_b A critique of non-marxian theories. Tr by H Campbell Creighton.
260 _aMoscow
_bProgress UK
_c1984
300 _a334p.
_ccm.
490 _aGuides to the social sciences, 1984.
650 _aECONOMICS
942 _hXx:g, M4-;1
_cTEXL
_2cc
999 _c975260
_d975260